Quizzes
Events
Quiz Creation
Community
Videos
Private Events
Remove Ads
Sign In
Join for FREE
Feedback
Dark Mode
Quiz Categories
Sports
Geography
Music
Movies
Television
Just For Fun
Miscellaneous
History
Literature
Language
Science
Gaming
Entertainment
Religion
Holiday
For Kids
Quiz Lab
Recent
Popular Today
Quiz Kudos Today
Editor Picks
Curator Picks
Quizzes by...
Day
Popularity
Type
Ratings
Length
Year
Community
Subscriptions
Recent Discussions
Orange Saloon
Badges
Playlists
Quests
Create
Leaderboards
Showdown
Live 5
Trivia Bingo
Activity
Puzzle Library
Sporcle Events
Private Events
Virtual Trivia
Globe League
Become a Host
Pub Owners
SporcleCon
Opinionation
Our Games
Videos
Blog
Mobile Apps
Partnerships
Remove Ads and Go Orange
Feedback
Sports
Athletes
MLB
NBA
NHL
NFL
Soccer
Sports Teams
WWE
NCAA
Football
Premier League
Basketball
Baseball
Hockey
Golf
Tennis
Cricket
Rugby
Auto Racing
Olympics
World Cup
Sports
Athletes
MLB
NBA
NHL
NFL
Soccer
Sports Teams
WWE
NCAA
Football
Premier League
Basketball
Baseball
Hockey
Golf
Tennis
Cricket
Rugby
Auto Racing
Olympics
World Cup
Random Quiz
Search Sporcle
×
Quiz Lab
Quiz Lab
Sports
WWE
Type in answers that appear in a list
Type in answers that appear in a list
Classic
Best Score? Go Orange.
WWE Pay-Per-View Matches in 2002 (Part 2) Stats
Can you name the WWE Pay-Per-View Matches in 2002 ?
By
CenaRKO09
20m
65 Questions
729 Plays
729 Plays
729 Plays
Comments
Comments
Give Quiz Kudos
Give Quiz Kudos
-
- Ratings
hide this ad
Replay
Link that replays current quiz
Next Quiz
Link to next quiz in quiz playlist
You Got
0%
They Got
Avg Score
87%
Avg Friend Score
Upgrade to see
Score Distribution
Jump to the score distribution portion of the page
Score
0/65
Timer
20:00
0
Plays Today
Pay-Per-View
Wrestler
% Correct
No Mercy
Triple H
97.8%
Survivor Series
Triple H
97.8%
Armageddon
Triple H
97.8%
Armageddon
Edge
97.3%
No Mercy
The Undertaker
96.6%
No Mercy
Kane
96%
Survivor Series
Kane
96%
Armageddon
Kane
96%
No Mercy
Chris Jericho
95.3%
Survivor Series
Chris Jericho
95.3%
Armageddon
Chris Jericho
95.3%
No Mercy
Edge
94.8%
No Mercy
Chris Benoit
94.8%
Survivor Series
Chris Benoit
94.8%
Survivor Series
Edge
94.8%
Armageddon
Chris Benoit
94.8%
No Mercy
Kurt Angle
94.5%
Survivor Series
Bubba Ray Dudley
94.5%
Survivor Series
Kurt Angle
94.5%
Armageddon
Bubba Ray Dudley
94.5%
Armageddon
Kurt Angle
94.5%
Survivor Series
Shawn Michaels
94.4%
Armageddon
D-Von Dudley
94.4%
Armageddon
Shawn Michaels
94.4%
No Mercy
Christian
94.1%
Survivor Series
Spike Dudley
94.1%
Armageddon
Christian
94.1%
Survivor Series
Jeff Hardy
94%
No Mercy
Brock Lesnar
93.7%
Survivor Series
Brock Lesnar
93.7%
Survivor Series
The Big Show
93.1%
Armageddon
The Big Show
93.1%
Survivor Series
Eddie Guerrero
92.6%
Pay-Per-View
Wrestler
% Correct
Armageddon
Eddie Guerrero
92.6%
Survivor Series
Chavo Guerrero
91.6%
No Mercy
Booker T
91.5%
Survivor Series
Booker T
91.5%
Armageddon
Booker T
91.5%
No Mercy
Rey Mysterio
91.1%
Survivor Series
Rey Mysterio
91.1%
No Mercy
Trish Stratus
89.3%
Survivor Series
Trish Stratus
89.3%
Armageddon
Trish Stratus
89.3%
No Mercy
Rob Van Dam
87.8%
Survivor Series
Rob Van Dam
87.8%
No Mercy
Goldust
84.6%
Armageddon
Goldust
84.6%
No Mercy
Victoria
82.7%
Survivor Series
Victoria
82.7%
Armageddon
Victoria
82.7%
Survivor Series
Billy Kidman
79.6%
Armageddon
Lance Storm
78.6%
No Mercy
Ric Flair
78.2%
Armageddon
Batista
77.9%
No Mercy
Jamie Noble
77.5%
Survivor Series
Jamie Noble
77.5%
Armageddon
William Regal
77.5%
Survivor Series
Rico
74.5%
No Mercy
Tajiri
74.2%
Survivor Series
Rosey
72.3%
Survivor Series
Jamal
72.3%
Armageddon
Jacqueline
58.7%
Armageddon
A-Train
55.3%
No Mercy
Torrie Wilson
54.7%
No Mercy
Dawn Marie
49.7%
Quiz Playlist
Details
Report
Send in Message
Add To Playlist
Classic:
Type in answers that appear in a list
Last Updated: Jan 22, 2019
Quiz Scoreboard
CHALLENGE
Sign Up to Join the Scoreboard
Show All
Scores
Hide
Comments
May contain spoilers
Recently Published
Movies - When Are They Set?
by FPL_Elf
Movies
5m
Popular People in 1961
by mucciniale
History
6m
1-10 Letter E Words III
by El_Dandy
Language
2m
More to Explore
Quiz From the Vault
Featured Blog Post
Where Did the Easter Bunny Come From?
hide this ad
You Might Also Like...
Tags
WWE Quiz
2002
Matching
Pay-per-view
Wrestlers
Today's Top Quizzes in Sports
Browse Sports
hide this ad
Today's Top Quizzes in WWE
Browse WWE
Top Contributed Quizzes in Sports
1
Les meilleurs buteurs des matchs entre le PSG et l’OM
2
FIFA Club World Cup Champions
3
Les entraîneurs de l'OM et du PSG au 21e siècle
4
2022 World Cup Stars
5
Name the Premier League winners with different clubs
6
La finale Lions - Afrique du Sud 2021
7
Criteria MLB: Left Handed Sluggers
8
Les joueurs passés par le LOSC et le RC Lens
9
Players with Multiple 50 Home Run Seasons
10
MLB Players with Two .350 Batting Average Seasons
Explore More
Trending Topics
Kpop
Marvel
NBA
Anime
Crossword
Harry Potter
Disney
WWE
NFL
Soccer
Pokémon
Country
The Office
Puzzle
Song
hide this ad
More By:
CenaRKO09
Quiz
Plays
Rating
Category
Featured
Created
WWF Pay-Per-View Matches in 2001 (Part 1)
1,322
2.88
Sports
Dec 17, 2009
WWF Pay-Per-View Matches in 2000 (Part 1)
1,026
2.00
Sports
Dec 17, 2009
WWE Pay-Per-View Matches in 2002 (Part 2)
729
3.25
Sports
Dec 18, 2009
WWE Pay-Per-View Matches in 2003 (Part 1)
724
2.50
Sports
Dec 18, 2009
WWE Pay-Per-View Matches in 2009 (Part 1)
717
3.40
Sports
Feb 15, 2010
Go to Creator's Profile
Score Distribution
Quiz Creator Spotlight
CenaRKO09
Follow
Send a Message
Quizzes Created
-
Created Quiz Play Count
-
More By This Creator
Popular Quizzes Today
1
Find the Countries of Europe - No Outlines Minefield
2
Find the US States - No Outlines Minefield
3
The Countries of the World
4
Popular People in 1961
5
1-10 Letter E Words III
6
US States
7
Find the US States
8
One Thing in Common: World Cities II
More Sports Quizzes
All about... Chelsea F.C.
Curator's Pick
Trending Quizzes
Risky Map Clicking: Least Populous States A-Z
1-10 Letter F Words
Humor Books: The Subtitles
1-10 Letter G Words
One Thing in Common: United Kingdom
Recently Updated
Leaping Animals
pecheneg
Reality TV Shows (A-Z)
bhenderson79
Rickey Henderson's Hall of Fame Teammates
pecheneg
Champions League XIs: Arsenal
pecheneg
Quick Pick: Celebrities in WWE's Hall of Fame
aduchscher
A-Z Keypad Blitz II
pecheneg
Multiple Oscar Actors
pecheneg
Mystery Phrase Blitz: Oscar 'Best Actors'
pecheneg
F. Scott Fitzgerald Novels
LTH
Pick 3 Villains
ddd62291
Trending Topics
Anime
Harry Potter
Marvel
Disney
NBA
Kpop
Crossword
The Office
NFL
Pokémon
Song
Puzzle
Soccer
WWE
Country
Your Account Isn't Verified!
In order to create a playlist on Sporcle, you need to verify the email address you used during registration. Go to your
Sporcle Settings
to finish the process.
Report this User
Report this user for behavior that violates our
Community Guidelines
.
Details:
Send Report
Go to the Sporcle.com Mobile Site →
Comments